I.H.E.S. Seminaire de Géométrie Algébrique. Expose VIII: groupes de classes des categories abeliennes et triangulees. Complexes parfaits

-д хадгалсан:
Номзүйн дэлгэрэнгүй
Үндсэн зохиолч: Bucur, I
Формат: Ном
Хэл сонгох:франц
Хэвлэсэн: Valparaíso, Chile Universidad Católica de Valparaíso 1970
Нөхцлүүд:
Шошгууд: Шошго нэмэх
Шошго байхгүй, Энэхүү баримтыг шошголох эхний хүн болох!

MARC

LEADER 00000nam a2200000 a 4500
001 UCP2639
003 CL-VaPUC
005 20210408001214.0
008 990520e19700000CL |||||||||||||||||fre|d
999 |c 281150  |d 281148 
040 |c Pontificia Universidad Católica de Valparaíso 
082 0 4 |a 512.55 BUC 1970  |2 21 
100 0 |a Bucur, I  |9 429540 
245 1 0 |a I.H.E.S. Seminaire de Géométrie Algébrique. Expose VIII: groupes de classes des categories abeliennes et triangulees. Complexes parfaits 
260 0 3 |a Valparaíso, Chile  |b Universidad Católica de Valparaíso  |c 1970 
300 |a 21 páginas 
583 |a last modification  |c 19990520 00:00:00  |k Rodrigo Vera 
650 7 |a CATEGORIAS ABELIANAS  |2 CL-VaPUC  |9 423035 
650 7 |a CATEGORIAS  |2 CL-VaPUC  |9 370232 
650 0 |a Geometría algebraica  |9 270327 
942 |c BK  |2 ddc 
945 |d 19990520 00:00:00  |a crobeson 
952 |0 0  |1 0  |2 ddc  |4 0  |6 512_550000000000000_BUC_1970  |7 0  |8 A  |9 321818  |a BIBMAT  |b BIBMAT  |d 2019-11-20  |i 1346431  |o 512.55 BUC 1970  |p 1346431  |r 2025-01-07  |t 1  |w 2019-11-20  |y BK  |k MAT